000
00291nam a22001337a 4500
003
SGT
020
_a
978-93-83290-41-3
100
_a
KABRA, RUCHIKA
245
_a
PHARMACEUTICAL CHEMISTRY
250
_a
1st
260
_a
S VIKASH,PUB.
_b
PUNJAB
_c
2018
650
_a
CHEMISTRY
942
_2
ddc
_c
BK
999
_c
24710
_d
24710